01056naa#a2200181#i#4500001002200000005001700022011001400039100004100053101000800094102000700102200042100109210016900530215001000699608004500709700005200754700005400806856001400860RU\INFRA-M\bibl\1462720260414193948.2##a2500-0543##a20170209b2017####ek#y0rusy0150####ca0#aRUS##aRU1#aРезультат экспериментальной работы по внедрению структурно-функциональной модели формирования иноязычной коммуникативной компетенции студентов педагогического профиля на занятиях по иностранному языкуeЖурнальная статья1#aМоскваcОбщество с ограниченной ответственностью «Научно-издательский центр ИНФРА-М»d2017##a0 с.##aЖурнальная статья2local#1aМарченкоgАнна Николаевна#1aКосенокgСергей Михайлович4#azh-szf.ru